000 00560nam a2200241 a 4500
001 nice12345678
003 IN_TiNIC
005 20260116011525.0
008 050524s1903 leia grp 000 0 ara
020 _a
_c100
082 0 0 _a297.2
_bVBE
100 _aVbeger, A De
245 _aKitab Al Qadr
260 _aLeiden
_bBrill
_c1903
300 _a213p
500 _aincludes index and biblioraphy
505 2 _aarchives
650 _aIslam-Doctrines-Predestination
700 1 _aVbeger, A De
902 _bSRS
942 _cBK
999 _c2300
_d2300